000 005784181a2200169 4500
005 20140412111237.0
008 140211s1999 xx 000 0 und d
020 _a971-529-023-X
050 _aFil E
_bBa11 1999
100 _aBautista, Fenny de los Angeles
245 _aSa bagong planeta /
_cby Fenny de los Angeles-Bautista & Elmer L. Gatchalian; illustrated by John D. Crisostomo.
260 _aPhilippines :
_bUNICEF,
_c1999.
300 _a1v. (unp.) ; ill.
440 _aHandog para sa mga batang Filipino
650 _aChildren's stories, Philippines
999 _c102487
_d102487